书目信息

书名: 农村污水综合治理措施 
作者: 周振和 主编
出版信息: 延吉   延边人民出版社  2009
开本页数: 19cm  104页
丛书名: 农村高科技实用技术
单 册:
中图分类: X7
科图分类:
主题词: 农村--污水处理 , 污水处理 , 农村
电子资源:
ISBN: 978-7-5449-0532-9
000 00863oam2 2200265 45
001 1494
005 20091205123144.21
010    @a978-7-5449-0532-9@dCNY15.60
100    @a20091125d2009 ekmy0chiy0120 ea
101 @achi
102    @aCN@b220000
105    @ay z 000yy
200 @a农村污水综合治理措施@ANong Cun Wu Shui Zong He Zhi Li Cuo Shi@f周振和主编@FZhou Zhen He Zhu Bian
210    @a延吉@c延边人民出版社@d2009
215    @a104页@d19cm
225 @a农村高科技实用技术
330    @a本书主要包括了农村水污染概述,农村工业废水治理,农村生活污水治理,农业退水治理,几种先进污水处理技术介绍等内容。
461  0 @12001 @a农村高科技实用技术
606 @a农村@x污水处理
606 @a污水处理
606 @a农村
690    @aX7@v4
701  0 @a周振和@AZhou Zhen He@4主编
801  0 @aCN@bBJHZTJ@c20091205
905    @dX7@e29 @f10
    
    农村污水综合治理措施/周振和主编.-延吉:延边人民出版社,2009
    104页;19cm.-(农村高科技实用技术)
    
    
    ISBN 978-7-5449-0532-9:CNY15.60
    本书主要包括了农村水污染概述,农村工业废水治理,农村生活污水治理,农业退水治理,几种先进污水处理技术介绍等内容。
相关链接 在五车中查询图书 在当当中查询图书 在豆瓣中查询图书


正题名:农村污水综合治理措施     索取号:X7/29         预约/预借

序号 登录号 条形码 馆藏地/架位号 状态 备注
1 282080   300282080   海科密-1楼/21架7列4层/ [索取号:X7/29] 在馆    
2 282081   300282081   海科密-1楼/21架7列4层/ [索取号:X7/29] 在馆    
3 282082   300282082   海科密-1楼/21架7列4层/ [索取号:X7/29] 在馆    
4 282083   300282083   海科密-1楼/21架7列4层/ [索取号:X7/29] 在馆    
5 282084   300282084   海科密-1楼/21架7列4层/ [索取号:X7/29] 在馆    
6 282085   300282085   海科密-1楼/21架7列4层/ [索取号:X7/29] 在馆    
7 282086   300282086   柳城-4楼/70架8列3层/ [索取号:X7/29] 在馆    
8 282087   300282087   柳城-4楼/70架8列3层/ [索取号:X7/29] 在馆    
9 282088   300282088   柳城-4楼/70架8列3层/ [索取号:X7/29] 在馆    
10 282089   300282089   海科密-1楼/21架7列4层/ [索取号:X7/29] 在馆    
11 383280   300383280   海科密-1楼/1架5列4层/ [索取号:X7/29] 在馆    
12 383281   300383281   海科密-1楼/1架5列4层/ [索取号:X7/29] 在馆    
13 383282   300383282   海科密-1楼/1架5列4层/ [索取号:X7/29] 在馆    
14 383283   300383283   海科密-1楼/1架4列6层/ [索取号:X7/29] 在馆    
15 383284   300383284   海科密-1楼/1架5列4层/ [索取号:X7/29] 在馆    
16 383285   300383285   海科密-1楼/1架5列4层/ [索取号:X7/29] 在馆    
17 383286   300383286   海科密-1楼/1架5列4层/ [索取号:X7/29] 在馆    
18 383287   300383287   海科密-1楼/1架5列4层/ [索取号:X7/29] 在馆    
19 383288   300383288   海科密-1楼/1架5列4层/ [索取号:X7/29] 在馆    
20 383289   300383289   海科密-1楼/1架4列6层/ [索取号:X7/29] 在馆